00494 2200193 4500001002100000005001700021008004100038035002400079090001800103100001600121245004300137260002800180300002100208650002200229850001500251980001300266985000600279999001500285YOGYA-0209000003341120090227024756.0 ind  0010-020900000033411 a378bHut SlT aHUTAURUK, M aSukseskan studi andacoleh M. Hutauruk aJakartabErlanggac1989 ax, 47 hlmc21 cm aPendidikan tinggi aYOPDYOG(B) a31-08-06 a1 a95P0058541